[Event "Figueres op-B 17th"]
[Site "Figueres"]
[Date "2016.08.16"]
[Round "7"]
[White "Martinez Martinez, Jose"]
[Black "Antoine, Jean Luc"]
[Result "0-1"]
[WhiteElo "1734"]
[BlackElo "1492"]
[PlyCount "64"]
[EventDate "2016.08.11"]
[EventType "swiss"]
[EventRounds "9"]
[EventCountry "ESP"]
[SourceTitle "EXT 2017"]
[Source "ChessBase"]
[SourceDate "2016.10.25"]
[SourceVersion "1"]
[SourceVersionDate "2016.10.25"]
[SourceQuality "1"]

1. e4 e6 2. d4 d5 3. e5 c5 4. dxc5 Bxc5 5. Nf3 Nc6 6. c3 Bd7 7. Be2 Qc7 8. Bf4 Nge7 9. 0-0 Ng6 10. Bg3 Ngxe5 11. Nxe5 Nxe5 12. Nd2 Bd6 13. Nb3 0-0 14. Rc1 Nc6 15. f4 Rac8 16. Bd3 g6 17. h4 h5 18. Bb1 Qb8 19. Qe2 Ne7 20. Nd4 Bc5 21. Kh1 Bxd4 22. cxd4 a6 23. Qd3 Bb5 24. Qf3 Bxf1 25. Rxf1 Nf5 26. Bf2 Nh6 27. Bg3 Qa7 28. Qd3 Nf5 29. Rd1 Rc4 30. Bf2 Nd6 31. b3 Ne4 32. Bg1 Rc3 0-1

[Event "FRA-chT2 0405"]
[Site "France"]
[Date "2004.12.05"]
[Round "4.6"]
[White "Mietlicki, Richard"]
[Black "Antoine, Jean Luc"]
[Result "1/2-1/2"]
[WhiteElo "2135"]
[BlackElo "2003"]
[PlyCount "116"]
[EventDate "2004.10.10"]
[EventType "team-tourn"]
[EventRounds "11"]
[EventCountry "FRA"]
[SourceTitle "EXT 2006"]
[Source "ChessBase"]
[SourceDate "2005.11.24"]
[SourceVersion "1"]
[SourceVersionDate "2005.11.24"]
[SourceQuality "1"]
[WhiteTeam "Poitiers"]
[BlackTeam "Checy"]
[WhiteTeamCountry "FRA"]
[BlackTeamCountry "FRA"]

1. Nf3 Nf6 2. g3 g6 3. Bg2 Bg7 4. 0-0 0-0 5. c4 c5 6. d4 d6 7. Nc3 Nbd7 8. d5 a6 9. Qc2 Rb8 10. a4 Ne8 11. e4 Nc7 12. Qe2 Nf6 13. h3 Bd7 14. e5 Nfe8 15. a5 b5 16. axb6 Rxb6 17. Re1 h6 18. Bf4 g5 19. Be3 g4 20. hxg4 Bxg4 21. Qd2 h5 22. Bh6 Qd7 23. Bxg7 Nxg7 24. Ng5 dxe5 25. Na4 Rg6 26. Nxc5 Qf5 27. f4 exf4 28. gxf4 Bh3 29. Be4 Qg4+ 30. Kh2 f5 31. Rg1 Qh4 32. Nf3 Qf6 33. Nd7 Qd6 34. Nxf8 Rxg1 35. Nxg1 Bg4 36. Bf3 Kxf8 37. Qd4 Qb4 38. Rd1 Nce8 39. c5 Qb8 40. d6 exd6 41. cxd6 Ne6 42. Qh8+ Kf7 43. Bxg4 hxg4 44. Qh5+ Kf6 45. Qh6+ Kf7 46. Qh5+ Kf6 47. Qh8+ Kf7 48. Qe5 N8g7 49. Rd3 Qh8+ 50. Kg2 Qa8+ 51. Kf1 Qc6 52. Rc3 Qa4 53. Ne2 Qd1+ 54. Kf2 Qh1 55. Ke3 Qf3+ 56. Kd2 Qb7 57. Ng3 Qxb2+ 58. Kd3 Qb1+ 1/2-1/2

[Event "Jacques Jaudran mem prel3 corr"]
[Site "France AJEC"]
[Date "2000.??.??"]
[Round "?"]
[White "Antoine, Jean Luc"]
[Black "Maumey, Marc"]
[Result "0-1"]
[WhiteElo "2049"]
[BlackElo "2081"]
[PlyCount "70"]
[EventDate "2000.11.15"]
[EventType "swiss (corr)"]
[EventRounds "8"]
[EventCountry "FRA"]
[SourceTitle "Corr 2004"]
[Source "ChessBase"]
[SourceDate "2003.04.28"]
[SourceVersion "3"]
[SourceVersionDate "2003.04.28"]
[SourceQuality "1"]

1. Nf3 d5 2. g3 Nc6 3. d4 Bg4 4. Bg2 e6 5. Ne5 Nxe5 6. dxe5 f6 7. Qd4 Bf5 8. c4 Bb4+ 9. Nc3 c5 10. Qd1 d4 11. a3 Bxc3+ 12. bxc3 Qa5 13. 0-0 dxc3 14. Bxb7 Rd8 15. Qb3 Ne7 16. exf6 gxf6 17. Qb5+ Qxb5 18. cxb5 Kf7 19. Be3 Rd7 20. Bg2 Rhd8 21. Bxc5 c2 22. e4 Rd1 23. Bf3 Rxa1 24. Rxa1 Bxe4 25. Bh5+ Bg6 26. Bf3 Rd3 27. Kg2 Rb3 28. Rc1 Rxb5 29. Bxa7 Rb1 30. Be3 Nf5 31. Bf4 Nd4 32. a4 Nb3 33. Rf1 Bd3 34. Rg1 Nd4 35. Be3 Nxf3 0-1

[Event "Jacques Jaudran mem prel3 corr"]
[Site "France AJEC"]
[Date "2000.??.??"]
[Round "?"]
[White "Antoine, Jean Luc"]
[Black "Nguyen Legros, Alain"]
[Result "0-1"]
[WhiteElo "2049"]
[BlackElo "2131"]
[PlyCount "60"]
[EventDate "2000.11.15"]
[EventType "swiss (corr)"]
[EventRounds "8"]
[EventCountry "FRA"]
[SourceTitle "Corr 2004"]
[Source "ChessBase"]
[SourceDate "2003.04.28"]
[SourceVersion "3"]
[SourceVersionDate "2003.04.28"]
[SourceQuality "1"]

1. Nf3 Nf6 2. c4 Nc6 3. Nc3 e5 4. d3 d5 5. cxd5 Nxd5 6. g3 Be7 7. Bg2 Be6 8. 0-0 0-0 9. Bd2 Qd7 10. Nxd5 Bxd5 11. Bc3 Bf6 12. Nd2 Bxg2 13. Kxg2 Qd5+ 14. Ne4 Be7 15. Kg1 Rad8 16. Qc2 b5 17. a3 a5 18. Rfc1 f5 19. Be1 Nd4 20. Nc3 Qe6 21. Qd1 e4 22. Nxb5 Nxb5 23. Bxa5 f4 24. a4 Nd4 25. Bxc7 f3 26. exf3 Nxf3+ 27. Kg2 Rxd3 28. Qc2 Rd2 29. Qc4 Rxf2+ 30. Kxf2 Ne5+ 0-1

[Event "Jacques Jaudran mem prel3 corr"]
[Site "France AJEC"]
[Date "2000.??.??"]
[Round "?"]
[White "Bobel, Philippe"]
[Black "Antoine, Jean Luc"]
[Result "1-0"]
[WhiteElo "2108"]
[BlackElo "2049"]
[PlyCount "91"]
[EventDate "2000.11.15"]
[EventType "swiss (corr)"]
[EventRounds "8"]
[EventCountry "FRA"]
[SourceTitle "Corr 2004"]
[Source "ChessBase"]
[SourceDate "2003.04.28"]
[SourceVersion "3"]
[SourceVersionDate "2003.04.28"]
[SourceQuality "1"]

1. d4 Nf6 2. c4 c5 3. d5 b5 4. cxb5 a6 5. b6 Qxb6 6. Nc3 d6 7. a4 g6 8. a5 Qc7 9. e4 Bg7 10. Bd2 Nbd7 11. Nf3 0-0 12. Bc4 Rb8 13. Qc2 Rb4 14. Na4 Rb8 15. 0-0 Ng4 16. Be2 f5 17. exf5 Rxf5 18. Nh4 Rh5 19. Nxg6 Nde5 20. Nxe5 Rxe5 21. Bc3 Rg5 22. Bxg7 Rxg7 23. Nb6 Bb7 24. Qe4 Nf6 25. Qe6+ Kh8 26. Rfe1 Rbg8 27. g3 c4 28. Rec1 Qc5 29. Rxc4 Bxd5 30. Rxc5 Bxe6 31. Rc7 Ne4 32. Bxa6 Ng5 33. Bb7 Nh3+ 34. Kf1 Rf8 35. f3 Ng5 36. a6 Nxf3 37. Bxf3 Bg4 38. a7 Bxf3 39. Ke1 Ba8 40. Rac1 Rgf7 41. Nxa8 Rf1+ 42. Kd2 Rxc1 43. Kxc1 Rxa8 44. b4 Kg7 45. b5 Kf6 46. b6 1-0

[Event "Jacques Jaudran mem prel3 corr"]
[Site "France AJEC"]
[Date "2000.??.??"]
[Round "?"]
[White "Le Clanche, Joel"]
[Black "Antoine, Jean Luc"]
[Result "1-0"]
[WhiteElo "2227"]
[BlackElo "2049"]
[PlyCount "49"]
[EventDate "2000.11.15"]
[EventType "swiss (corr)"]
[EventRounds "8"]
[EventCountry "FRA"]
[SourceTitle "Corr 2004"]
[Source "ChessBase"]
[SourceDate "2003.04.28"]
[SourceVersion "3"]
[SourceVersionDate "2003.04.28"]
[SourceQuality "1"]

1. e4 d6 2. d4 Nf6 3. Nc3 g6 4. f4 Bg7 5. Nf3 0-0 6. Bd3 Nc6 7. 0-0 e5 8. fxe5 dxe5 9. d5 Nb4 10. Bc4 Ne8 11. Bg5 f6 12. Be3 Nd6 13. Bb3 Bg4 14. Qe1 f5 15. exf5 gxf5 16. Ng5 f4 17. Ne6 Nxc2 18. Bxc2 Bxe6 19. dxe6 fxe3 20. Qxe3 Nc4 21. Rxf8+ Bxf8 22. Qh3 Qd4+ 23. Kh1 e4 24. Bxe4 Qg7 25. e7 1-0